| 000 | 00349nam a22001457a 4500 | ||
|---|---|---|---|
| 999 |
_c8219 _d8219 |
||
| 003 | OSt | ||
| 005 | 20201006112217.0 | ||
| 008 | 201006b ||||| |||| 00| 0 eng d | ||
| 020 | _a9781859466285 | ||
| 082 |
_22nd _a720.47 _bPAW |
||
| 100 | _aPawlyn Michael | ||
| 245 | _aBiomimicry in architecture | ||
| 260 |
_aBritain _bRIBA publishing |
||
| 942 | _2ddc | ||